Los moluscos pectínidos de Iberoamérica: ciencia y acuicultura
Guardado en:
| Autor principal: | |
|---|---|
| Formato: | Libro |
| Lenguaje: | español |
| Publicado: |
Cuernavaca
Limusa
2002
|
| Edición: | 1a. ed |
| Materias: | |
| Etiquetas: |
Agregar Etiqueta
Sin Etiquetas, Sea el primero en etiquetar este registro!
|
MARC
| LEADER | 00000cam a2200000 a 4500 | ||
|---|---|---|---|
| 001 | UCF8400 | ||
| 003 | CL-VaPUC | ||
| 008 | 130829e20020000mx |||||||||||||||||spa|d | ||
| 020 | |a 9681863852 | ||
| 082 | 0 | 4 | |a 639.4 |b MAE |2 21 |
| 100 | |a Maeda-Martínez, Alfonso N. |e autor |9 570464 | ||
| 245 | 1 | 4 | |a Los moluscos pectínidos de Iberoamérica: ciencia y acuicultura |
| 250 | |a 1a. ed | ||
| 300 | |a 501 p | ||
| 942 | |c BK | ||
| 945 | |d 20130829 16:45:00 |a dcastane | ||
| 260 | |a Cuernavaca |b Limusa |c 2002 | ||
| 650 | 0 | |a Moluscos |9 261245 | |
| 650 | 7 | |a CULTIVO DE MOLUSCOS |2 CL-VaPUC |9 371656 | |
| 583 | |a last modification |c 20130829 16:45:00 |k Rodrigo Vera | ||
| 999 | |c 352973 |d 352971 | ||
| 952 | |0 0 |1 0 |3 erd |4 0 |6 639_400000000000000_MAE_2002 |7 0 |8 CCM |9 457772 |a BIBCUR |b BIBCUR |d 2019-11-23 |i 5000920 |o 639.4 MAE 2002 |p 5000920 |r 2025-04-22 |w 2019-11-23 |y BK |z Catalogado en:20130829 |k CIM | ||